000 00884nam a2200253Ia 4500
003 OSt
005 20221005112902.0
006 a|||||r|||| 00| 0
007 ta
008 221004b |||||||| |||| 00| 0 pan d
020 _a9788186745380 (hbk)
_c200
024 _a3886
037 _b743, 12/03/2013, Bright Book Service
_cTextual
040 _aCRL
_cCRL
_bpan
041 _2pan
_apan
082 _aO153,2:g, Q1
100 _aਅਮਰਜੀਤ ਸਿੰਘ
245 0 _aਸੇਖੋ੍ਵ, ਹਰਚਰਨ ਸਿੰਘ ਤੇ ਗਾਰਗੀ
260 _aਦਿੱਲੀ
_bਸਤਵੰਤ ਬੁਕ ਏਜੰਸੀ ਭਾਰਤ
_c2011
300 _a120ਪੰ
_ccm.
650 _aਪੰਜਾਬੀ ਸਾਹਿਤ
942 _hO153,2:g, Q1
_cTEXL
_2cc
999 _c1026317
_d1026317